000 00367nam a2200157Ia 4500
005 20250423100621.0
008 250422s9999 xx 000 0 und d
020 _a0865426783
050 _aRD 85 P74/
245 0 _aPrinciples and practice of sedation
260 _aOxford
260 _bBlackwell Science Ltd.
260 _c1998
300 _a248 p
942 _cBK
999 _c33844
_d33844